Os factos da vida (Registo nº 751)

Detalhes MARC
000 -Etiqueta do registo
Cabeçalho 00714nam0a2200253 4500
005 - Identificador da versão
Campo de controlo 20240813121813.0
010 ## - Número internacional normalizado dos livros (ISBN)
Número (ISBN) 9789722119009
021 ## - Número do Depósito Legal
Código do país PT
Número 263 419/07
100 ## - Dados gerais de processamento
Dados gerais de processamento 20151008d2007 a e0pory5003 ba
102 ## - Pais de publicação ou produção
País de publicação Portugal
101 0# - Língua de publicação
Língua do texto, banda sonora, etc. Português
215 ## - Descrição física 
Indicação específica da natureza do documento e extensão da espécie 201 p.
Outras indicações físicas il
200 1# - Titulo e menção de responsabilidade
Título próprio Os factos da vida
Primeira menção de responsabilidade Ana Saldanha
Outras menções de responsabilidade il. de Alberto Faria
225 2# - Colecção 
Título próprio da colecção Livros do dia e da noite
210 ## - Publicação, Distribuição, etc. 
Lugar da edição, distribuição, etc. Lisboa
Nome do editor, distribuidor, etc. Caminho
Data da publicação, distribuição, etc. 2007
606 ## - Nome comum usado como assunto
Número de registo de entrada de autoridade 0002005
Palavra de ordem Literatura portuguesa
Subdivisão de assunto Romance
Código do sistema CA
675 ## - Classificação Decimal Universal (CDU)
Notação 821.134.3-31
Edição 3ª ed.
Língua da edição por
701 #1 - Nome de autor-pessoa física (co-responsabilidade principal)
Palavra de ordem Faria
Outra parte do nome não tomada para palavra de ordem Alberto
Código de função Ilustrador / Técnico de desenho computorizado
700 #1 - Nome de autor-pessoa física (responsabilidade principal)
Número de registo de entrada de autoridade 0001040
Palavra de ordem Saldanha
Outra parte do nome não tomada para palavra de ordem Ana
Datas 1959-
966 ## - Identificação da Biblioteca
Sigla EB2,3ENM
942 ## - Elementos de entrada adicionados (Koha)
Tipo de item no Koha Livro
Exemplares
Situação do levantamento Origin of item (home branch) (coded) Biblioteca de empréstimo Código de barras Cota Circulation type (not for loan) Tipo de documento Nota do exemplar Damaged status
  Biblioteca Escolar Eng. Nuno Mergulhão Biblioteca Escolar Eng. Nuno Mergulhão BENM1319 82LP-3 SAL   Livro Sem mensagem  
  Biblioteca Escolar Eng. Nuno Mergulhão Biblioteca Escolar Eng. Nuno Mergulhão BENM1321 82LP-3 SAL   Livro Sem mensagem  
  Biblioteca Escolar Eng. Nuno Mergulhão Biblioteca Escolar Eng. Nuno Mergulhão BENM1320 82LP-3 SAL   Livro Sem mensagem